Economía cinematográfica / (Record no. 51311)

MARC details
000 -LEADER
campo de control de longitud fija 00499nam a2200169 i 4500
001 - NÚMERO DE CONTROL
campo de control 51311
003 - IDENTIFICADOR DE NÚMERO DE CONTROL
campo de control ES-MaACL
005 - FECHA Y HORA DE LA ÚLTIMA TRANSACCIÓN
campo de control 20230906162332.0
007 - CAMPO FIJO DE DESCRIPCIÓN FÍSICA--INFORMACIÓN GENERAL
campo de control de longitud fija t|
008 - DATOS DE LONGITUD FIJA--INFORMACIÓN GENERAL
campo de control de longitud fija 030812s1962 sp ||||1| spa d
100 1# - ENTRADA PRINCIPAL--NOMBRE DE PERSONA
Nombre de persona Dadek, Walter.
9 (RLIN) 42420
245 10 - MENCIÓN DEL TÍTULO
Título Economía cinematográfica /
Mención de responsabilidad, etc. Walter Dadek ; [traducción de Alvaro Soriano Trenor].
260 ## - PUBLICACIÓN, DISTRIBUCIÓN, ETC.
Lugar de publicación, distribución, etc. Madrid :
Nombre del editor, distribuidor, etc. Rialp,
Fecha de publicación, distribución, etc. 1962.
300 ## - DESCRIPCIÓN FÍSICA
Extensión 302 p. ;
Dimensiones 19 cm.
700 1# - ENTRADA AGREGADA--NOMBRE PERSONAL
Nombre de persona Soriano Trenor, Alvaro.
9 (RLIN) 107402
852 ## - LOCALIZACIÓN
Ubicación ES-MaACL
Número de control de estantería C-22806
Sublocalización o colección R.51373
Holdings
Estatus retirado Estado de pérdida Estado de daño No para préstamo Biblioteca de origen Biblioteca actual Ubicación en estantería Fecha de adquisición Fuente de adquisición Total de préstamos Signatura topográfica completa Código de barras Visto por última vez Precio de reemplazo Tipo de ítem Koha
        Biblioteca del Ateneo de Madrid Biblioteca del Ateneo de Madrid Galería 17/01/2008     C-22806 1053965 23/02/2023 23/02/2023 Libro impreso